Federalism and Free Trade (Record no. 798)

MARC details
005 - DATE AND TIME OF LATEST TRANSACTION
control field 20250317133916.0
020 ## - INTERNATIONAL STANDARD BOOK NUMBER
International Standard Book Number 0-255-36320-6
082 ## - DEWEY DECIMAL CLASSIFICATION NUMBER
Classification number 382.91 MIG
100 ## - MAIN ENTRY--PERSONAL NAME
Author name MIGUE, J. L.
245 ## - TITLE STATEMENT
Title Federalism and Free Trade
260 ## - PUBLICATION, DISTRIBUTION, ETC.
Place of publication, distribution, etc. London,
Name of publisher, distributor, etc. Institute of Economic Affairs (IEA)
Date of publication, distribution, etc. 1993.
300 ## - PHYSICAL DESCRIPTION
Extent 79p.
Other physical details References.
Dimensions 21cm.
942 ## - ADDED ENTRY ELEMENTS (KOHA)
Source of classification or shelving scheme Dewey Decimal Classification
Koha item type Books
Holdings
Date last seen Total checkouts Full call number Barcode Cost, replacement price Price effective from Koha item type Lost status Source of classification or shelving scheme Damaged status Not for loan Withdrawn status Home library Current library Shelving location Date acquired Cost, normal purchase price
03/17/2025   382.91 MIG 0000003191 30000.00 03/17/2025 Books   Dewey Decimal Classification       College of Business Education Main Library College of Business Education Main Library General Collection 03/17/2025 10000.00